|
|
|
|
| LEADER |
01284nam a22003492i 4500 |
| 001 |
001519659 |
| 003 |
CZ BrMZK |
| 005 |
20160819085854.0 |
| 007 |
ta |
| 008 |
160405s1986 xo af drp||||||||||slo d |
| 040 |
|
|
|a BOA001
|b cze
|e rda
|
| 041 |
1 |
|
|a slo
|h cze
|
| 072 |
|
7 |
|a 004.4/.6
|x Programování. Software
|2 Konspekt
|9 23
|
| 072 |
|
7 |
|a 37.016
|x Učební osnovy. Vyučovací předměty. Učebnice
|2 Konspekt
|9 22
|
| 080 |
|
|
|a 004.42
|2 MRF
|
| 080 |
|
|
|a (075.3)
|2 MRF
|
| 100 |
1 |
|
|a Kroha, Petr
|7 jo2003193292
|4 aut
|
| 245 |
1 |
0 |
|a Programovanie pre 3. ročník gymnázií so zameraním na programovanie /
|c Petr Kroha, Ľudovít Molnár
|
| 250 |
|
|
|a 2. vydanie
|
| 264 |
|
1 |
|a Bratislava :
|b Slovenské pedagogické nakladateľstvo,
|c 1986
|
| 300 |
|
|
|a 157 stran, obrazové přílohy :
|b ilustrace
|
| 336 |
|
|
|a text
|b txt
|2 rdacontent
|
| 337 |
|
|
|a bez média
|b n
|2 rdamedia
|
| 338 |
|
|
|a svazek
|b nc
|2 rdacarrier
|
| 500 |
|
|
|a Přeloženo z češtiny
|
| 650 |
0 |
7 |
|a programování
|7 ph115891
|2 czenas
|
| 655 |
|
7 |
|a učebnice středních škol
|7 fd133771
|2 czenas
|
| 700 |
1 |
|
|a Molnár, Ľudovít,
|d 1940-
|7 jo2003193199
|4 aut
|
| 910 |
|
|
|a BOA001
|b M4-0901.061
|
| 990 |
|
|
|a BK
|
| 991 |
|
|
|b 201604
|
| 996 |
7 |
|
|b 2619149736
|c M4-0901.061
|l MZK
|r Sklad / do 24 hodin
|n 0
|w 001554848
|u 000010
|a 1
|e BOA001
|j MZK50
|s A
|